County map of Florida
Saved in:
| Main Author: | |
|---|---|
| Corporate Authors: | , |
| Format: | Electronic |
| Language: | English |
| Published: |
[1880].
|
| Series: | David Rumsey Collection digital maps
|
| Subjects: | |
| Tags: |
Add Tag
No Tags, Be the first to tag this record!
|
| LEADER | 01498nea a2200349Ka 4500 | ||
|---|---|---|---|
| 001 | 012024920-0 | ||
| 005 | 20090630193809.0 | ||
| 008 | 060601t18801879pau a s 0 eng d | ||
| 034 | 1 | |a a |b 3600000 |d W0873700 |e W0800000 |f N0310000 |g N0243000 | |
| 035 | 0 | |a ocm69669463 | |
| 040 | |a CUY |c CUY | ||
| 052 | |a 3930 | ||
| 052 | |a 3974 |b M5 | ||
| 100 | 1 | |a Mitchell, S. Augustus |q (Samuel Augustus), |d 1792-1868. | |
| 245 | 1 | 0 | |a County map of Florida |h [electronic resource]. |
| 255 | |a Scale [ca. 1:3,600,000] |c (W 87⁰37ʹ--W 80⁰00ʹ/N 31⁰00ʹ--N 24⁰30ʹ). | ||
| 260 | |c [1880]. | ||
| 500 | |a Shows settlements, railroads, etc.; Mobile map shows wards. | ||
| 500 | |a Inset map: Mobile. | ||
| 500 | |a Prime meridians: Greenwich and Washington. | ||
| 500 | |a "Entered according to Act of Congress in the year 1879 by S. Augustus Mitchell in the office of the Librarian of Congress at Washington." | ||
| 500 | |a Scanned raster image of original: 1 map : hand col. ; 25 x 30 cm. | ||
| 500 | |a Original in the David Rumsey Collection; scanned by Cartography Associates. | ||
| 651 | 0 | |a Florida |v Maps. | |
| 651 | 0 | |a Mobile (Ala.) |v Maps. | |
| 740 | 0 | 2 | |a Mobile. |
| 710 | 2 | |a David Rumsey Collection. | |
| 710 | 2 | |a Cartography Associates. | |
| 773 | 0 | |a Mitchell, S. Augustus (Samuel Augustus), 1792-1868. |t Mitchell's new general atlas. |d Philadelphia : S. Augustus Mitchell, 1880, c1879. |g p. 59. |w (OCoLC)69371482 | |
| 830 | 0 | |a David Rumsey Collection digital maps |5 net | |
| 988 | |a 20090630 | ||
| 906 | |0 OCLC | ||


